El cazador, casado.
Enregistré dans:
| Auteur principal: | |
|---|---|
| Format: | Livre |
| Langue: | espagnol |
| Publié: |
Córdoba, Argentina:
Ediciones Miguel Ángel Libros,
1991.
|
| Collection: | Criticón.
|
| Sujets: | |
| Tags: |
Ajouter un tag
Pas de tags, Soyez le premier à ajouter un tag!
|
MARC
| LEADER | 00000nam a2200000 a 4500 | ||
|---|---|---|---|
| 001 | UCO1953 | ||
| 003 | CL-VaPUC | ||
| 005 | 20220822114344.0 | ||
| 008 | 000525e19910000AG |||||||||||||||||spa|d | ||
| 999 | |c 288503 |d 288501 | ||
| 040 | |c Pontificia Universidad Católica de Valparaíso | ||
| 082 | 0 | 4 | |a 340.11 MOI 1991 |2 21 |
| 100 | |a Moisset de Espanés, Luis |e autor |9 548947 | ||
| 245 | 1 | 3 | |a El cazador, casado. |
| 260 | 0 | 3 | |a Córdoba, Argentina: |b Ediciones Miguel Ángel Libros, |c 1991. |
| 300 | |a 128 páginas. | ||
| 490 | 0 | |a Criticón. | |
| 500 | |a c.2 Donación Familia Prof. Alejandro Guzmán Brito. | ||
| 583 | |a last modification |c 20120418 11:07:33 |k Rodrigo Vera | ||
| 650 | 0 | |a Abogados |9 256284 | |
| 650 | 0 | |a Formación profesional |9 257232 | |
| 650 | 0 | |a Prudencia |2 CL-VaPUC |9 392150 | |
| 942 | |c BK |2 ddc |n 0 | ||
| 945 | |d 20000525 00:00:00 |a vberengu | ||
| 952 | |0 0 |1 0 |2 ddc |4 0 |6 340_110000000000000_MOI_1991 |7 0 |8 A |9 336201 |a BIBDER |b BIBDER |d 2019-11-20 |i 3529304 |o 340.11 MOI 1991 |p 3529304 |r 2023-01-25 |t 1 |w 2019-11-20 |y BK |k DER | ||